| Art - Other | 0 | 5 | 0 | 1 | 50 | 111 | 137.60 | 0 | 1 | 0.00 | 0.00 |
| History - American | 0 | 4 | 0 | 0 | 40 | 61 | 90.25 | 0 | 1 | 0.00 | 0.00 |
| History - European | 0 | 3 | 1 | 0 | 25 | 35 | 69.00 | 1 | 3 | 0.00 | 0.00 |
| History - World | 0 | 2 | 0 | 2 | 20 | 113 | 131.50 | 0 | 1 | 0.00 | 0.00 |
| Other Academic/Cross-Category - Any | 0 | 2 | 0 | 0 | 20 | 40 | 74.00 | 1 | 1 | 0.00 | 0.00 |
| Literature - British any | 0 | 1 | 0 | 0 | 10 | 74 | 74.00 | 0 | 1 | 0.00 | 0.00 |
| Literature - British poetry | 0 | 1 | 0 | 0 | 10 | 146 | 146.00 | 0 | 0 | 0.00 | 0.00 |
| Literature - European drama | 0 | 1 | 0 | 0 | 10 | 57 | 57.00 | 0 | 0 | 0.00 | 0.00 |
| Literature - European long fiction | 0 | 1 | 0 | 0 | 10 | 123 | 123.00 | 0 | 0 | 0.00 | 0.00 |
| Literature - World/Misc drama | 0 | 1 | 0 | 0 | 10 | 139 | 139.00 | 0 | 0 | 0.00 | 0.00 |
| Mythology - Norse | 0 | 1 | 0 | 0 | 10 | 108 | 108.00 | 0 | 0 | 0.00 | 0.00 |
| Art - Music/Opera | 0 | 1 | 0 | 0 | 10 | 138 | 138.00 | 0 | 1 | 0.00 | 0.00 |
| Current Events/Modern World - Rest of world social | 0 | 1 | 0 | 1 | 10 | 81 | 81.00 | 0 | 0 | 0.00 | 0.00 |
| Current Events/Modern World - United States political | 0 | 1 | 0 | 0 | 10 | 122 | 122.00 | 0 | 0 | 0.00 | 0.00 |
| Current Events/Modern World - Western political | 0 | 1 | 0 | 0 | 10 | 65 | 65.00 | 0 | 1 | 0.00 | 0.00 |
| History - Other | 0 | 1 | 0 | 1 | 10 | 123 | 123.00 | 0 | 0 | 0.00 | 0.00 |
| Philosophy - 20th century | 0 | 1 | 0 | 1 | 10 | 133 | 133.00 | 0 | 0 | 0.00 | 0.00 |
| Philosophy - Enlightenment | 0 | 1 | 0 | 0 | 10 | 129 | 129.00 | 0 | 0 | 0.00 | 0.00 |
| Philosophy - Mixed/Any | 0 | 1 | 0 | 0 | 10 | 138 | 138.00 | 0 | 0 | 0.00 | 0.00 |
| Social Science - Economics | 0 | 1 | 1 | 0 | 5 | 130 | 130.00 | 0 | 0 | 0.00 | 0.00 |
| Religion - Christianity/Judaism | 0 | 1 | 1 | 0 | 5 | 149 | 149.00 | 0 | 0 | 0.00 | 0.00 |
| Philosophy - Pre-20th | 0 | 0 | 0 | 0 | 0 | | 0.00 | 0 | 0 | 0.00 | 0.00 |
| Literature - World/Misc long fiction | 0 | 0 | 0 | 0 | 0 | | 0.00 | 0 | 0 | 0.00 | 0.00 |
| Religion - Islam | 0 | 0 | 1 | 0 | -5 | | 0.00 | 0 | 0 | 0.00 | 0.00 |